00669nam a2200241 a 4500001001300000003000900013005001700022008004100039020001000080082001600090100002400106245003000130260003200160300000900192500003500201505001000236650001100246700002400257902000800281942000700289952011600296999001500412nice12345678IN_TiNIC20260116011537.0050524s1315 lona grp 000 0 ara  ac10000a297.4bKAS1 aKashani, Kamaluddin aSharhe Manzil as Sayirin. aLondon bNo Publisherc1315 a300p aincludes index and biblioraphy2 aIndex aSufism1 aKashani, Kamaluddin bSRS cBK 001040708StackRoom-aHMIbHMId2007-09-13g100.00l0o297.4 KAS1p04443r2007-09-13v100.00w2005-05-24yBK c2482d2482